Normal view
MARC view
- Peterson, James W.
Entry Personal Name
001 - CONTROL NUMBER
- control field: 106536
003 - CONTROL NUMBER IDENTIFIER
- control field: NUST
005 - DATE AND TIME OF LATEST TRANSACTION
- control field: 20221230175212.0
008 - FIXED-LENGTH DATA ELEMENTS
- fixed length control field: 221230|| aca||aabn | a|a d
040 ## - CATALOGING SOURCE
- Original cataloging agency: NUST
- Transcribing agency: NUST
100 ## - HEADING--PERSONAL NAME
- Personal name: Peterson, James W.
- Fuller form of name: (James Walter),
- Dates associated with a name: 1945-
670 ## - SOURCE DATA FOUND
- Source citation: Work cat.: (NUST)0: Peterson, James W. (James Walter), 1945-, NATO and terrorism :, c2011.
